000
00318nam a22001337a 4500
008
180919b xxu||||| |||| 00| 0 eng d
020
_a
0812990323
041
_a
eng
080
_a
338
100
_a
54
101
_a
man
245
_a
Starting And Running A Profitable Innvestment Club
_c
Ohara.TH
942
_2
udc
_c
BK
999
_c
48064
_d
48064